| 000 | 00549nam a2200169 i 4500 | ||
|---|---|---|---|
| 001 | 147488 | ||
| 003 | ES-MaACL | ||
| 007 | t| | ||
| 008 | 071001s1946 sp ||||1| spa d | ||
| 080 | _a541.1 | ||
| 100 | 1 |
_aUlich, Hermann. _9111922 |
|
| 245 | 1 | 0 |
_aManual de Química Física / _cpor Hermann Ulich ; traducido de la cuarta edición alemana por José Ibarz Aznárez. |
| 260 |
_aBarcelona : _bManuel Marín, _c1946. |
||
| 300 |
_aXVII, 347 p. : _bil ; _c25 cm. |
||
| 700 | 1 |
_aIbarz Aznárez, José. _964981 |
|
| 852 |
_aES-MaACL _jE-1730 _bR.22528 |
||
| 999 |
_c147488 _d147488 |
||